Hồ Chí Minh là lương tâm, là nhân cách của một thời đại /

Uloženo v:
Podrobná bibliografie
Hlavní autor: Đào Ngọc Đệ.
Médium: Článek
Jazyk:Vietnamese
Témata:
Tagy: Přidat tag
Žádné tagy, Buďte první, kdo otaguje tento záznam!
Thư viện lưu trữ: Thư viện Trường Đại học Đà Lạt
LEADER 00874nam a2200289 4500
001 DLU180186745
005 ##20180905
040 # # |a DLU  |b vie 
041 # # |a vie 
044 # # |a vn 
100 # # |a Đào Ngọc Đệ. 
245 # # |a Hồ Chí Minh là lương tâm, là nhân cách của một thời đại /  |c Đào Ngọc Đệ. 
653 # # |a Hồ Chí Minh 
653 # # |a Lương tâm 
653 # # |a Nhân cách 
653 # # |a Thời đại 
773 # # |t Tạp chí dạy và học ngày nay  |g Số 4, 2015, tr. 
773 # # |t Tạp chí dạy và học ngày nay  |g Số 5, 2015, tr. 4 
920 # # |a Phòng Tạp chí -- Trung tâm Thông tin - Thư viện Trường Đại học Đà Lạt 
994 # # |a DLU 
900 # # |a True 
911 # # |a Trần Thị Minh Hương 
925 # # |a G 
926 # # |a A 
927 # # |a BB 
980 # # |a Thư viện Trường Đại học Đà Lạt